000 00253 a2200085 4500
245 0 0 _aMeble chłodnicze - Klasyfikacja temperaturowa PN-EN 441-6 /
_cNKP nr 5.
246 1 3 _aPN-EN 441-6
260 _aWarszawa :
_bNKP nr 5,
_c1999.
300 _a4 stron ;
_c30 cm.
650 _aPolska norma
999 _c19303
_d19303